Giant caves of Borneo

Bibliographic Details
Main Authors: Meredith, Mike (Author), Lyon, Ben (Author), Wooldrige, Jerry (Author)
Format: Book
Published: Kuala Lumpur Tropical Press 1992
Subjects:

MARC

LEADER 00000cam a2200000 7i4500
001 0000009486
008 021119n
020 |a 9677300709 
090 0 0 |a GB601.81.M372  |b M4 1992 
100 0 |a Meredith, Mike  |e author 
245 0 0 |a Giant caves of Borneo   |c Mike Meredith and Jerry Wooldridge with Ben Iyon 
260 2 |a Kuala Lumpur   |b Tropical Press  |c 1992 
300 |a 142 p. ;  |c 26 cm. 
650 0 |a Caves  |z Sarawak 
650 0 |a Gua Mulu (Sarawak) 
700 0 |a Lyon, Ben  |e author 
700 0 |a Wooldrige, Jerry  |e author 
999 |a 1000010155  |b Book  |c OPEN SHELF (30 DAYS)  |e Gong Badak Campus